[Event "DVM U14w 2015"]
[Site "Magdeburg GER"]
[Date "2015.12.28"]
[Round "3"]
[White "Möller, Lisa-Marie"]
[Black "Wagner, Lena"]
[Result "1-0"]
[Termination "normal"]
[Board "6.2"]
[WhiteElo "1486"]
[BlackElo "1057"]
[WhiteTeam "SK Blauer Springer Paderborn 1926"]
[BlackTeam "SK Endingen"]
[PlyCount "85"]
[WhiteFideId "12959367"]
[BlackFideId "12983470"]
[EventCountry "GER"]
[EventRounds "7"]
[EventType "team-swiss"]
[EventDate "2015.12.26"]

1. e4 c6 2. d4 d5 3. exd5 cxd5 4. c4 Nf6 5. Nc3 Bg4 6. Nf3 Nc6 7. cxd5 Nxd5 8.
Qb3 Bxf3 9. gxf3 Nxd4 10. Bb5+ Nxb5 11. Qxb5+ Qd7 12. Qxd5 Rd8 13. Qxd7+ Rxd7
14. Be3 a6 15. Ke2 e6 16. Rhd1 Bd6 17. Rd3 O-O 18. Rad1 Rfd8 19. Bb6 Rc8 20.
Rxd6 Rxd6 21. Rxd6 h6 22. Rd8+ Rxd8 23. Bxd8 Kh7 24. Ne4 b5 25. Nc5 Kg6 26.
Nxa6 Kf5 27. Ke3 g5 28. Nc7 b4 29. Be7 g4 30. fxg4+ Kxg4 31. Bxb4 Kf5 32. a4
Ke5 33. a5 f5 34. a6 f4+ 35. Kf3 Kf5 36. a7 h5 37. a8=Q e5 38. Qf8+ Kg5 39.
Be7+ Kg6 40. Qf6+ Kh7 41. Bf8 e4+ 42. Kxe4 f3 43. Qg7# 1-0

[Event "DVM U14w 2015"]
[Site "Magdeburg GER"]
[Date "2015.12.28"]
[Round "3"]
[White "Wagner, Anna"]
[Black "Kesselmeier, Olivia"]
[Result "1-0"]
[Termination "normal"]
[Board "6.3"]
[WhiteElo "1006"]
[BlackElo "1078"]
[WhiteTeam "SK Endingen"]
[BlackTeam "SK Blauer Springer Paderborn 1926"]
[PlyCount "183"]
[WhiteFideId "12983489"]
[BlackFideId "16211472"]
[EventCountry "GER"]
[EventRounds "7"]
[EventType "team-swiss"]
[EventDate "2015.12.26"]

1. e4 c5 2. Nf3 Nc6 3. Nc3 e6 4. Bb5 Qc7 5. d3 a6 6. Bxc6 Qxc6 7. Ne5 Qc7 8.
Bf4 d6 9. Nf3 Nf6 10. O-O h6 11. e5 Nd7 12. Re1 dxe5 13. Nxe5 Bd6 14. Qe2 Nxe5
15. Bxe5 O-O 16. Bxd6 Qxd6 17. Qe5 Rd8 18. Qxd6 Rxd6 19. Re2 Bd7 20. Rae1 Rc6
21. Re5 f6 22. Rh5 b5 23. Ne4 e5 24. c3 c4 25. d4 Re8 26. dxe5 Rxe5 27. Rxe5
fxe5 28. h3 Be8 29. Nd2 Re6 30. b3 cxb3 31. Nxb3 Bf7 32. Nc5 Rc6 33. Rxe5 Bxa2
34. Kf1 Bc4+ 35. Ke1 a5 36. Kd2 Rd6+ 37. Kc2 a4 38. Nb7 Rb6 39. Na5 Bf7 40. Kb2
b4 41. cxb4 Rxb4+ 42. Ka3 Rd4 43. Nc6 Rc4 44. Nd8 Bg6 45. Ra5 Bc2 46. Nb7 Rc7
47. Rc5 Rxb7 48. Rxc2 Ra7 49. Rc4 Rf7 50. f3 Rf6 51. Kxa4 Rg6 52. Rc2 Kf7 53.
g4 Ra6+ 54. Kb4 Rb6+ 55. Ka5 Rb3 56. Rf2 Kg6 57. h4 Re3 58. Kb4 Re8 59. Kc3
Rc8+ 60. Kd4 Rd8+ 61. Ke4 Re8+ 62. Kf4 Rf8+ 63. Kg3 Kh7 64. g5 g6 65. gxh6 Kxh6
66. Kg4 Rf5 67. f4 Rh5 68. Re2 Rf5 69. Re5 Rf6 70. h5 gxh5+ 71. Rxh5+ Kg6 72.
Rg5+ Kf7 73. Rf5 Rxf5 74. Kxf5 Kg7 75. Ke6 Kf8 76. Kf6 Ke8 77. Kg7 Ke7 78. f5
Ke8 79. f6 Kd7 80. f7 Ke6 81. f8=Q Ke5 82. Qf7 Kd6 83. Kg6 Kc6 84. Qe7 Kb6 85.
Qd7 Ka6 86. Qc7 Kb5 87. Kf5 Ka6 88. Ke5 Kb5 89. Kd5 Ka6 90. Qb8 Ka5 91. Kc4 Ka4
92. Qa8# 1-0

[Event "DVM U14w 2015"]
[Site "Magdeburg GER"]
[Date "2015.12.28"]
[Round "3"]
[White "Rust, Emily"]
[Black "Henninger, Claire"]
[Result "0-1"]
[Termination "normal"]
[Board "6.4"]
[WhiteElo "910"]
[BlackElo "747"]
[WhiteTeam "SK Blauer Springer Paderborn 1926"]
[BlackTeam "SK Endingen"]
[PlyCount "141"]
[WhiteFideId "16211499"]
[BlackFideId "16200659"]
[EventCountry "GER"]
[EventRounds "7"]
[EventType "team-swiss"]
[EventDate "2015.12.26"]

1. d4 d5 2. Bf4 Bf5 3. Nc3 Nf6 4. Nb5 e5 5. Bxe5 Bd6 6. c3 Bxe5 7. dxe5 Ne4 8.
Qa4 O-O 9. f3 a6 10. Nd4 Nc5 11. Qd1 Ncd7 12. Nxf5 Qg5 13. g4 c6 14. h4 Qf4 15.
Qd4 Qxe5 16. Qxe5 Nxe5 17. Ne7+ Kh8 18. b4 Nbd7 19. g5 g6 20. Bh3 Rad8 21. f4
Nc4 22. f5 gxf5 23. Bxf5 Rfe8 24. Bxd7 Rxd7 25. Nf5 Re5 26. Ng3 Ne3 27. Nf3 Re8
28. Nd4 b6 29. h5 c5 30. bxc5 bxc5 31. Rb1 cxd4 32. cxd4 Nc2+ 33. Kd2 Nxd4 34.
Rb2 Nb5 35. a4 Nd6 36. Nf5 Nxf5 37. Rhb1 Rdd8 38. g6 hxg6 39. hxg6 fxg6 40.
Rh1+ Kg7 41. Rb7+ Re7 42. Rb6 Rd6 43. Rb8 d4 44. Rbh8 Ng3 45. R1h7+ Kf6 46.
Rxe7 Kxe7 47. Rh7+ Ke6 48. Rh6 Kf5 49. Kd3 a5 50. Rh3 Nh5 51. Rf3+ Nf4+ 52. Kc4
Ke4 53. Kc5 Rd5+ 54. Kc4 Nxe2 55. Rh3 d3 56. Rh4+ Nf4 57. Rh1 d2 58. Rd1 Ng2
59. Kc3 Ke3 60. Kc4 Rd3 61. Kb5 Ke2 62. Rxd2+ Rxd2 63. Kxa5 Rd6 64. Kb5 g5 65.
Kc5 Rf6 66. Kb5 g4 67. a5 g3 68. a6 Rxa6 69. Kxa6 Ne3 70. Kb6 g2 71. Kc5 0-1

[Event "DVM U14w 2015"]
[Site "Magdeburg GER"]
[Date "2015.12.28"]
[Round "3"]
[White "Oswald, Lena"]
[Black "Seeburger, Milena"]
[Result "1-0"]
[Termination "normal"]
[Board "7.1"]
[WhiteElo "1554"]
[BlackElo "1314"]
[WhiteTeam "SG Leipzig"]
[BlackTeam "SC 1948 Ersingen"]
[PlyCount "121"]
[WhiteFideId "12983314"]
[BlackFideId "16217306"]
[EventCountry "GER"]
[EventRounds "7"]
[EventType "team-swiss"]
[EventDate "2015.12.26"]

1. e4 e5 2. Nf3 Nc6 3. Bc4 Bc5 4. c3 Nf6 5. d3 O-O 6. Bb3 d6 7. O-O h6 8. Nbd2
b5 9. Re1 a5 10. Nf1 Ra6 11. Ng3 Bg4 12. h3 Bh5 13. Nxh5 Nxh5 14. a3 Kh7 15. d4
Ba7 16. dxe5 dxe5 17. Qxd8 Nxd8 18. Nxe5 Re8 19. Ng4 f5 20. Ne3 Rxe4 21. Bd2
Rd6 22. Rad1 Bxe3 23. Bxe3 Nf6 24. Rxd6 cxd6 25. Rd1 Nb7 26. Bc2 Re5 27. Kf1 h5
28. Bf4 Rd5 29. Bg5 Rxd1+ 30. Bxd1 Ne4 31. Be3 g6 32. Be2 Kg8 33. Bxb5 Kf7 34.
Bc6 Nbc5 35. Bd5+ Ke7 36. Ke2 Na4 37. Bxe4 fxe4 38. Bc1 Ke6 39. Kd2 Nc5 40. b4
axb4 41. axb4 Nb3+ 42. Kc2 Nxc1 43. Kxc1 Kd5 44. Kd2 g5 45. Ke3 Ke5 46. c4 d5
47. cxd5 Kxd5 48. b5 Kc5 49. Kxe4 Kxb5 50. Kf5 g4 51. hxg4 hxg4 52. Kxg4 Kc5
53. Kf5 Kd6 54. g4 Ke7 55. g5 Kf7 56. g6+ Kg7 57. f3 Kg8 58. Kf6 Kf8 59. g7+
Kg8 60. f4 Kh7 61. Kf7 1-0

[Event "DVM U14w 2015"]
[Site "Magdeburg GER"]
[Date "2015.12.28"]
[Round "3"]
[White "Ruf, Judith"]
[Black "Fischer, Laura"]
[Result "1-0"]
[Termination "normal"]
[Board "7.2"]
[WhiteElo "902"]
[BlackElo "1214"]
[WhiteTeam "SC 1948 Ersingen"]
[BlackTeam "SG Leipzig"]
[PlyCount "69"]
[WhiteFideId "16217314"]
[BlackFideId "16208935"]
[EventCountry "GER"]
[EventRounds "7"]
[EventType "team-swiss"]
[EventDate "2015.12.26"]

1. e4 e5 2. Nf3 Nc6 3. Bc4 Bc5 4. c3 Nf6 5. d4 exd4 6. cxd4 Bb4+ 7. Nc3 O-O 8.
O-O d5 9. Nxd5 Nxe4 10. Nxb4 Nxb4 11. Re1 Nd6 12. Qb3 Nxc4 13. Qxc4 Nc6 14. Bg5
Qd6 15. d5 Na5 16. Qb5 b6 17. Be7 Bd7 18. Bxd6 Bxb5 19. Bxf8 Kxf8 20. b3 Rd8
21. Rad1 Bd7 22. Ne5 Bf5 23. Rc1 g6 24. Rxc7 Rxd5 25. Rxf7+ Kg8 26. Rxa7 Rd8
27. b4 Be4 28. bxa5 bxa5 29. Rxa5 Kg7 30. f3 Bc2 31. Ng4 h5 32. Ra7+ Kg8 33.
Nf6+ Kf8 34. Ree7 Bf5 35. Rf7# 1-0

[Event "DVM U14w 2015"]
[Site "Magdeburg GER"]
[Date "2015.12.28"]
[Round "3"]
[White "Fege, Astrid"]
[Black "Wackernagel, Sara"]
[Result "1/2-1/2"]
[Termination "normal"]
[Board "7.3"]
[WhiteElo "1177"]
[BlackElo "996"]
[WhiteTeam "SG Leipzig"]
[BlackTeam "SC 1948 Ersingen"]
[PlyCount "67"]
[WhiteFideId "16217152"]
[BlackFideId "16217322"]
[EventCountry "GER"]
[EventRounds "7"]
[EventType "team-swiss"]
[EventDate "2015.12.26"]

1. e4 e5 2. Nf3 Nc6 3. Bc4 Nf6 4. d3 h6 5. c3 Be7 6. O-O d5 7. exd5 Nxd5 8.
Nbd2 O-O 9. Bb3 Bg4 10. Ne4 Nf6 11. Re1 a5 12. h3 Bh5 13. Ng3 Bg6 14. d4 exd4
15. cxd4 Bb4 16. Re2 Nh5 17. Ne4 Re8 18. Bc2 Qd5 19. Qd3 Re7 20. Bb3 Bxe4 21.
Bxd5 Bxd3 22. Rxe7 Nxe7 23. Bxb7 Re8 24. Be3 Nf5 25. Ne5 Nxe3 26. fxe3 Be2 27.
Kf2 Bb5 28. Bd5 Re7 29. Ng6 Rd7 30. Bb3 Nf6 31. Ne5 Ne4+ 32. Kg1 Re7 33. Ng6
Rd7 34. Ne5 1/2-1/2

[Event "DVM U14w 2015"]
[Site "Magdeburg GER"]
[Date "2015.12.28"]
[Round "3"]
[White "Georgieva, Kalina"]
[Black "Heck, Jasmin"]
[Result "1-0"]
[Termination "normal"]
[Board "7.4"]
[WhiteElo "732"]
[BlackElo "919"]
[WhiteTeam "SC 1948 Ersingen"]
[BlackTeam "SG Leipzig"]
[PlyCount "53"]
[WhiteFideId "16217330"]
[BlackFideId "16217160"]
[EventCountry "GER"]
[EventRounds "7"]
[EventType "team-swiss"]
[EventDate "2015.12.26"]

1. e4 d6 2. Nf3 Nf6 3. Nc3 g6 4. Bc4 Bg7 5. d3 O-O 6. Bg5 a6 7. O-O e6 8. e5
dxe5 9. Nxe5 Qe8 10. Qf3 Nbd7 11. Ng4 Nxg4 12. Qxg4 Ne5 13. Qh4 Qd7 14. Ne4
Nxc4 15. Nf6+ Bxf6 16. Bxf6 Nd6 17. c4 b6 18. d4 Bb7 19. Rad1 Nf5 20. Qg5 c5
21. Rfe1 cxd4 22. Re5 Qc6 23. f3 Rfe8 24. Rxd4 Nxd4 25. Qh6 Nf5 26. Rxf5 exf5
27. Qg7# 1-0

[Event "DVM U14w 2015"]
[Site "Magdeburg GER"]
[Date "2015.12.28"]
[Round "3"]
[White "Kirsten, Annika"]
[Black "Glinzner, Alva"]
[Result "1/2-1/2"]
[Termination "normal"]
[Board "8.1"]
[WhiteElo "1329"]
[BlackElo "1523"]
[WhiteTeam "Cöthener FC Germania 03"]
[BlackTeam "Lübecker SV von 1873"]
[PlyCount "42"]
[WhiteFideId "12961124"]
[BlackFideId "16206169"]
[EventCountry "GER"]
[EventRounds "7"]
[EventType "team-swiss"]
[EventDate "2015.12.26"]

1. e4 c6 2. d4 d5 3. exd5 cxd5 4. c4 e6 5. Nc3 Nf6 6. Bg5 Bb4 7. Qf3 dxc4 8.
Bxf6 gxf6 9. Qe3 Nc6 10. Nf3 Ne7 11. Bxc4 Rg8 12. O-O Qc7 13. Bb5+ Bd7 14.
Bxd7+ Qxd7 15. Ne4 Nd5 16. Qh6 Qe7 17. Rac1 Rg6 18. Qh4 Qf8 19. Ng3 Qg7 20. Qe4
Kf8 21. Rc4 Kg8 1/2-1/2

[Event "DVM U14w 2015"]
[Site "Magdeburg GER"]
[Date "2015.12.28"]
[Round "3"]
[White "Mundt, Alexandra"]
[Black "Kümmel, Tina"]
[Result "0-1"]
[Termination "normal"]
[Board "8.2"]
[WhiteElo "973"]
[BlackElo "1371"]
[WhiteTeam "Lübecker SV von 1873"]
[BlackTeam "Cöthener FC Germania 03"]
[PlyCount "76"]
[WhiteFideId "16217276"]
[BlackFideId "12979368"]
[EventCountry "GER"]
[EventRounds "7"]
[EventType "team-swiss"]
[EventDate "2015.12.26"]

1. e4 e6 2. d4 d5 3. e5 c5 4. c3 Nc6 5. Nf3 Bd7 6. Bf4 Qb6 7. b3 cxd4 8. Nxd4
Bc5 9. Be3 Nxe5 10. Be2 Nf6 11. b4 Bxd4 12. Bxd4 Qc7 13. O-O Bc8 14. Re1 Ned7
15. Nd2 e5 16. Bb5 O-O 17. Bxd7 Nxd7 18. Bc5 Nxc5 19. bxc5 e4 20. Nb3 Be6 21.
Qd4 Rac8 22. Re3 f5 23. f3 Rf7 24. Rc1 Rcf8 25. Rf1 f4 26. Re2 e3 27. Qb4 Qe5
28. Rc1 Bf5 29. Rd1 g5 30. Rd4 h5 31. Re1 Be6 32. Nd2 g4 33. Qb1 Qf6 34. Nf1
gxf3 35. gxf3 Qg5+ 36. Kh1 Rg7 37. Nxe3 fxe3 38. Rdd1 Qg2# 0-1

[Event "DVM U14w 2015"]
[Site "Magdeburg GER"]
[Date "2015.12.28"]
[Round "3"]
[White "Buchheim, Luise"]
[Black "Gossing, Marie-Sophie"]
[Result "1-0"]
[Termination "normal"]
[Board "8.3"]
[WhiteElo "1112"]
[BlackElo "719"]
[WhiteTeam "Cöthener FC Germania 03"]
[BlackTeam "Lübecker SV von 1873"]
[PlyCount "99"]
[WhiteFideId "16217179"]
[BlackFideId "16217284"]
[EventCountry "GER"]
[EventRounds "7"]
[EventType "team-swiss"]
[EventDate "2015.12.26"]

1. e4 e5 2. Nf3 Nc6 3. Bc4 Nf6 4. d3 Bc5 5. Nc3 d6 6. h3 h6 7. Be3 Bxe3 8. fxe3
O-O 9. O-O Be6 10. Bb3 Qd7 11. Nd5 Bxd5 12. exd5 Ne7 13. e4 Ng6 14. Qe1 Nf4 15.
Kh2 N6h5 16. a3 Qe7 17. Qh4 Qd7 18. Qe1 Qe7 19. Qh4 Qd7 20. Qg4 Qxg4 21. hxg4
Nf6 22. g5 hxg5 23. Nxg5 Ng4+ 24. Kh1 Rae8 25. Ba4 Rd8 26. Nh3 Ne3 27. Rg1 Ne2
28. Rge1 Ng4 29. Rxe2 a6 30. c3 b5 31. Bd1 Rd7 32. Rd2 Nf6 33. b3 Re7 34. a4
bxa4 35. Rxa4 Ra8 36. b4 Ra7 37. Ra5 Re8 38. b5 Rea8 39. bxa6 Nd7 40. d4 c5 41.
dxc6 Nb6 42. Be2 f6 43. dxe5 fxe5 44. Rxd6 Nc8 45. Re6 Rxa6 46. Rxa6 Rxa6 47.
Bxa6 Nb6 48. c7 Na8 49. c8=Q+ Kh7 50. Ng5# 1-0

[Event "DVM U14w 2015"]
[Site "Magdeburg GER"]
[Date "2015.12.28"]
[Round "3"]
[White "Suhr, Saskia"]
[Black "Alferova, Ekaterina"]
[Result "0-1"]
[Termination "normal"]
[Board "9.1"]
[WhiteElo "1374"]
[BlackElo "1348"]
[WhiteTeam "SC Borussia 1920 Friedrichsfelde"]
[BlackTeam "SC Ammersee"]
[PlyCount "92"]
[WhiteFideId "16208803"]
[BlackFideId "16217250"]
[EventCountry "GER"]
[EventRounds "7"]
[EventType "team-swiss"]
[EventDate "2015.12.26"]

1. d4 d5 2. Nf3 c6 3. c3 Bf5 4. e3 Nd7 5. c4 e6 6. Nc3 Ngf6 7. Bd3 Bxd3 8. Qxd3
Bb4 9. Bd2 Bxc3 10. Bxc3 O-O 11. O-O Ne4 12. b4 Rc8 13. Rac1 h6 14. Nd2 Nxd2
15. Bxd2 Nf6 16. f3 Qd7 17. e4 dxe4 18. fxe4 Rfd8 19. Be3 Ng4 20. Rcd1 Qd6 21.
Bf4 e5 22. Bg3 Qxd4+ 23. Qxd4 Rxd4 24. Rxd4 exd4 25. e5 Rd8 26. Rd1 d3 27. Bf4
g5 28. h3 gxf4 29. hxg4 Rd4 30. b5 cxb5 31. cxb5 Kg7 32. Kf2 Kg6 33. g3 fxg3+
34. Kxg3 Kg5 35. a4 d2 36. Kf3 b6 37. Ke3 Rd7 38. Rxd2 Rxd2 39. Kxd2 Kxg4 40.
Ke2 h5 41. Kf2 h4 42. Kg2 Kf4 43. Kh3 Kxe5 44. Kxh4 Kd4 45. Kg5 Kc4 46. Kf5 Kb4
0-1

[Event "DVM U14w 2015"]
[Site "Magdeburg GER"]
[Date "2015.12.28"]
[Round "3"]
[White "Heinze, Sabrina"]
[Black "Oschlies, Tami"]
[Result "1-0"]
[Termination "normal"]
[Board "9.2"]
[WhiteElo "1435"]
[BlackElo "958"]
[WhiteTeam "SC Ammersee"]
[BlackTeam "SC Borussia 1920 Friedrichsfelde"]
[PlyCount "67"]
[WhiteFideId "12981737"]
[BlackFideId "16217365"]
[EventCountry "GER"]
[EventRounds "7"]
[EventType "team-swiss"]
[EventDate "2015.12.26"]

1. e4 c5 2. Nf3 Nc6 3. Bb5 d6 4. Bxc6+ bxc6 5. d3 g6 6. e5 dxe5 7. Nxe5 Qc7 8.
Nf3 Bg7 9. O-O Nf6 10. Nc3 O-O 11. Rb1 Be6 12. a3 Nd5 13. Ne4 Qb6 14. Nfg5 Bf5
15. Re1 a5 16. c4 Nf6 17. Nxf6+ Bxf6 18. Qf3 Rad8 19. Rd1 Rd6 20. Ne4 Bxe4 21.
Qxe4 Qb3 22. Bf4 Re6 23. Qf3 Rd8 24. Rd2 Bxb2 25. h3 Qxa3 26. Rbxb2 Qa1+ 27.
Kh2 Qa4 28. Re2 Rd7 29. Rxe6 fxe6 30. Rb8+ Kg7 31. Be5+ Kh6 32. Qf4+ Kh5 33.
g4+ Kh4 34. Qh6# 1-0

[Event "DVM U14w 2015"]
[Site "Magdeburg GER"]
[Date "2015.12.28"]
[Round "3"]
[White "Buschek, Paula"]
[Black "Karlinger De la Quintana, Ainhoa"]
[Result "1/2-1/2"]
[Termination "normal"]
[Board "9.3"]
[WhiteElo "794"]
[BlackElo "1121"]
[WhiteTeam "SC Borussia 1920 Friedrichsfelde"]
[BlackTeam "SC Ammersee"]
[PlyCount "129"]
[WhiteFideId "16217373"]
[BlackFideId "16217268"]
[EventCountry "GER"]
[EventRounds "7"]
[EventType "team-swiss"]
[EventDate "2015.12.26"]

1. d4 g6 2. Nf3 Bg7 3. e3 c5 4. c3 cxd4 5. cxd4 Nc6 6. Nbd2 d6 7. Bd3 Bd7 8.
O-O Nf6 9. e4 Bg4 10. h3 Bxf3 11. Nxf3 O-O 12. d5 Nb4 13. a3 Nxd3 14. Qxd3 Rc8
15. Be3 Re8 16. Bxa7 b6 17. Qa6 Nd7 18. Rac1 Ra8 19. Bxb6 Nxb6 20. Qb5 Na4 21.
b4 Qb6 22. Qxb6 Nxb6 23. Rc6 Nd7 24. Rc7 Ne5 25. Nd4 Rxa3 26. b5 Rb8 27. Rb1
Nd3 28. Nc6 Rb6 29. Nxe7+ Kh8 30. Rc8+ Bf8 31. Rxf8+ Kg7 32. Rd8 Ra5 33. Nc8
Raxb5 34. Rxb5 Rxb5 35. Nxd6 Rb1+ 36. Kh2 Nxf2 37. Kg3 Nd3 38. Ne8+ Kh6 39. d6
Rb6 40. Kg4 Ne5+ 41. Kf4 Nc6 42. Rc8 g5+ 43. Kf5 Rb5+ 44. Kf6 Ne5 45. Rc7 Rb8
46. d7 Ng6 47. Rc8 Rb6+ 48. Kxf7 Ne5+ 49. Ke7 Ng6+ 50. Kf7 Ne5+ 51. Kg8 Nxd7
52. Rd8 Nc5 53. e5 Re6 54. Rd6 Kg6 55. Rxe6+ Nxe6 56. Nf6 Kf5 57. Nd7 h5 58.
Kf7 g4 59. hxg4+ hxg4 60. g3 Ng5+ 61. Ke7 Ne6 62. Kd6 Nd4 63. Nf8 Ke4 64. e6
Nxe6 65. Nxe6 1/2-1/2

[Event "DVM U14w 2015"]
[Site "Magdeburg GER"]
[Date "2015.12.28"]
[Round "3"]
[White "Heinze, Vanessa"]
[Black "Eilers-König, Nadja"]
[Result "0-1"]
[Termination "normal"]
[Board "9.4"]
[WhiteElo "737"]
[BlackElo "791"]
[WhiteTeam "SC Ammersee"]
[BlackTeam "SC Borussia 1920 Friedrichsfelde"]
[PlyCount "84"]
[WhiteFideId "16208412"]
[BlackFideId "16217390"]
[EventCountry "GER"]
[EventRounds "7"]
[EventType "team-swiss"]
[EventDate "2015.12.26"]

1. e4 c5 2. Nf3 Nc6 3. d4 cxd4 4. Nxd4 Nf6 5. Be2 Nxe4 6. O-O d6 7. Bf4 g6 8.
Nd2 Nxd4 9. Nxe4 Nxe2+ 10. Qxe2 Bg7 11. Rab1 b6 12. Rfd1 O-O 13. Qd2 d5 14.
Qxd5 Qxd5 15. Rxd5 Bb7 16. Rd7 Bxe4 17. Rxe7 Bxc2 18. Rc1 Rac8 19. Rxa7 Bxb2
20. Re1 Rfd8 21. h3 Re8 22. Rxe8+ Rxe8 23. f3 b5 24. a3 Bd4+ 25. Kh2 Bxa7 26.
g3 Bc5 27. Bc1 Re2+ 28. Kh1 Re1+ 29. Kg2 Rxc1 30. g4 Bd6 31. h4 Bxa3 32. f4
Be4+ 33. Kf2 b4 34. g5 b3 35. Ke3 Bf5 36. Kd4 b2 37. Ke5 b1=Q 38. Kd4 Qb2+ 39.
Ke3 Rc4 40. Kf3 Qb3+ 41. Ke2 Rc2+ 42. Kd1 Qb1# 0-1

[Event "DVM U14w 2015"]
[Site "Magdeburg GER"]
[Date "2015.12.28"]
[Round "3"]
[White "Stas, Antonia"]
[Black "Fricke, Edna Marlene"]
[Result "0-1"]
[Termination "normal"]
[Board "10.1"]
[WhiteElo "920"]
[BlackElo "1373"]
[WhiteTeam "Hamburger SK von 1830"]
[BlackTeam "Schachunion Berlin"]
[PlyCount "102"]
[WhiteFideId "16217403"]
[BlackFideId "12988839"]
[EventCountry "GER"]
[EventRounds "7"]
[EventType "team-swiss"]
[EventDate "2015.12.26"]

1. e4 c5 2. d4 cxd4 3. Qxd4 Nc6 4. Qc4 g6 5. Bf4 Bg7 6. Qc5 d6 7. Qc4 Nf6 8. e5
dxe5 9. Bxe5 Nxe5 10. Qb5+ Nc6 11. Bd3 O-O 12. Nc3 Rb8 13. O-O-O Be6 14. Bxg6
Qa5 15. Qxa5 Nxa5 16. Be4 Nxe4 17. Nxe4 Bxa2 18. b3 Bxb3 19. cxb3 Nxb3+ 20. Kc2
Nd4+ 21. Kc3 Rbc8+ 22. Kb4 Rfd8 23. Nf3 Nxf3 24. Rxd8+ Rxd8 25. gxf3 b6 26. Kb5
Rb8 27. Rc1 a5 28. Rc7 e6 29. Rc6 Kf8 30. Ng5 h6 31. Ne4 Bd4 32. Nd6 Bxf2 33.
Nc8 Ke8 34. Nd6+ Kf8 35. Nc8 Be3 36. Rc3 Bd4 37. Rc4 Bc5 38. Na7 Rb7 39. Nc6
Rd7 40. Nxa5 bxa5 41. Rxc5 Rd5 42. Rxd5 exd5 43. Kxa5 Ke7 44. Kb4 Ke6 45. Kc3
Ke5 46. Kd3 Kf4 47. Kd4 Kxf3 48. Kxd5 f5 49. Ke5 f4 50. Kd4 Kg2 51. Ke4 f3 0-1

[Event "DVM U14w 2015"]
[Site "Magdeburg GER"]
[Date "2015.12.28"]
[Round "3"]
[White "Kirschner, Elena"]
[Black "Müller-Glewe, Franka"]
[Result "1/2-1/2"]
[Termination "normal"]
[Board "10.2"]
[WhiteElo "1089"]
[BlackElo "899"]
[WhiteTeam "Schachunion Berlin"]
[BlackTeam "Hamburger SK von 1830"]
[PlyCount "49"]
[WhiteFideId "16205804"]
[BlackFideId "16207181"]
[EventCountry "GER"]
[EventRounds "7"]
[EventType "team-swiss"]
[EventDate "2015.12.26"]

1. e4 d5 2. exd5 Nf6 3. Nf3 Nxd5 4. Bc4 Bf5 5. d4 e6 6. Bd2 Nc6 7. Nc3 Nxc3 8.
Bxc3 Bd6 9. a3 O-O 10. O-O Re8 11. Re1 Kh8 12. d5 exd5 13. Bxd5 Qd7 14. Rxe8+
Rxe8 15. Ng5 Bg6 16. Qf3 f6 17. Ne4 Ne5 18. Bxe5 Bxe5 19. Nc5 Qb5 20. Nd3 Bxb2
21. Rb1 Bxd3 22. cxd3 Bxa3 23. Rf1 Qb4 24. Qd1 Qb5 25. Bf3 1/2-1/2

[Event "DVM U14w 2015"]
[Site "Magdeburg GER"]
[Date "2015.12.28"]
[Round "3"]
[White "Wittich, Carlotta"]
[Black "Kessen, Fanny"]
[Result "1-0"]
[Termination "normal"]
[Board "10.3"]
[WhiteElo "864"]
[BlackElo "860"]
[WhiteTeam "Hamburger SK von 1830"]
[BlackTeam "Schachunion Berlin"]
[PlyCount "109"]
[WhiteFideId "16217411"]
[EventCountry "GER"]
[EventRounds "7"]
[EventType "team-swiss"]
[EventDate "2015.12.26"]

1. e4 c5 2. Nf3 Nc6 3. d4 cxd4 4. Nxd4 g6 5. Bf4 Bg7 6. c3 d6 7. Nf3 Nf6 8. Bc4
O-O 9. O-O Nxe4 10. Re1 Nf6 11. Nbd2 Qb6 12. b3 Ng4 13. Qe2 Nce5 14. h3 Nxf3+
15. Nxf3 Nh6 16. Qd2 Nf5 17. g4 Nh6 18. Bxh6 Qc5 19. Bxg7 Kxg7 20. Qd4+ Qxd4
21. cxd4 b6 22. Rxe7 Be6 23. Bxe6 Kf6 24. Re1 Rae8 25. Rxe8 Rxe8 26. Bc4 Rc8
27. a4 h5 28. gxh5 gxh5 29. Re4 Kf5 30. Re7 Kf6 31. Rxa7 Rg8+ 32. Kh2 Rg7 33.
Ra6 Kf5 34. Rxb6 Kf4 35. Bd5 f5 36. Rb7 Rxb7 37. Bxb7 d5 38. Bxd5 h4 39. Nxh4
Kg5 40. Nxf5 Kxf5 41. a5 Kf4 42. a6 Kg5 43. a7 Kh4 44. a8=Q Kg5 45. b4 Kf4 46.
b5 Kf5 47. b6 Kg5 48. b7 Kf4 49. b8=R Kf5 50. Re8 Kg5 51. Qa7 Kf4 52. Qf7+ Kg5
53. Rg8+ Kh6 54. Qe7 Kh5 55. Qh7# 1-0